Markets (Record no. 82099)
[ view plain ]
| 000 -LEADER | |
|---|---|
| fixed length control field | 01178cam a22002055a 4500 |
| 001 - CONTROL NUMBER | |
| control field | L149259 |
| 008 - FIXED-LENGTH DATA ELEMENTS--GENERAL INFORMATION | |
| fixed length control field | 100211e20100129xxk 000 0 eng d |
| 035 ## - SYSTEM CONTROL NUMBER | |
| System control number | (Sirsi) u149259 |
| 041 0# - LANGUAGE CODE | |
| Language code of text/sound track or separate title | eng |
| 100 1# - MAIN ENTRY--PERSONAL NAME | |
| Personal name | Shepherd, Mark |
| 245 00 - TITLE STATEMENT | |
| Title | Markets |
| Remainder of title | West Midlands |
| 260 ## - PUBLICATION, DISTRIBUTION, ETC. | |
| Date of publication, distribution, etc. | 2010 |
| 490 #0 - SERIES STATEMENT | |
| Series statement | Property Week |
| Volume/sequential designation | 76(4) 29 January 2010, 51-62(6) |
| 520 ## - SUMMARY, ETC. | |
| Summary, etc. | West Midlands Developers Alliance has been set up to back Birmingham's Big City Plan, one of the most far-reaching city centre development plans ever undertaken in the UK. Birmingham's office market is showing signs of life although Carlyle Group's prestige Colmore Plaza development has seen only slow take-up. Phase two of Wolverhampton's rail interchange scheme will seek planning permission this summer. Coventry's Friargate mixed-use scheme finally gets planning approval. Lend Lease's Touchwood shopping centre in Solihull is boosted by new retailers. St Modwen is seeking to redevelop the 17 acre town centre near Bournville College in Longbridge. |
| 590 ## - LOCAL NOTE (RLIN) | |
| Local note | KA |
| 651 #4 - SUBJECT ADDED ENTRY--GEOGRAPHIC NAME | |
| Geographic name | West Midlands |
| 690 ## - LOCAL SUBJECT ADDED ENTRY--TOPICAL TERM (OCLC, RLIN) | |
| Topical term or geographic name as entry element | PROPERTY-COMMERCIAL PROPERTY-COMMERCIAL PROPERTY MARKET |
| 700 1# - ADDED ENTRY--PERSONAL NAME | |
| Personal name | Nazir, Waheed |
| 942 ## - ADDED ENTRY ELEMENTS (KOHA) | |
| Suppress in OPAC | 0 |
| Withdrawn status | Lost status | Source of classification or shelving scheme | Damaged status | Not for loan | Home library | Current library | Shelving location | Date acquired | Total Checkouts | Full call number | Barcode | Date last seen | Copy number | Price effective from | Koha item type |
|---|---|---|---|---|---|---|---|---|---|---|---|---|---|---|---|
| Dewey Decimal Classification | London | London | Journal article | 11/02/2010 | L149259 | 149259-1001 | 06/08/2019 | 1 | 06/08/2019 | Journal article |